=LDR 00000nam 2200000 4500 =001 INLIS000000000057843 =990 ##$$a 21601957 =005 20210517021051 =035 ##$$a 0010-0521000058 =245 1#$$a Tuan Guru KH Muhammad Zainuddin Abdul Madjid /$c Masnun =100 #$$a Masnun =300 ##$$a 411 =260 ##$$a Jakarta :$b pustaka Al-Miqdad,$c 2007 =082 ##$$a 92 =084 ##$$a 92 MAS t =020 ##$$a 978-979-1660-10-5